Pozorované klimatické zmeny a význam vodných nádrží
Gespeichert in:
| 1. Verfasser: | |
|---|---|
| Weitere Verfasser: | |
| Format: | Manuskript Buch |
| Sprache: | Slowakisch |
| Veröffentlicht: |
2021
|
| Schlagworte: | |
| Online-Zugang: | http://is.stuba.sk/zp/portal_zp.pl?podrobnosti=159751 https://opac.crzp.sk/?fn=detailBiblioForm&sid=C5B0443D08DFEDB239080A49A386 |
| Tags: |
Keine Tags, Fügen Sie das erste Tag hinzu!
|
MARC
| LEADER | 00000ntm a22000003a 4500 | ||
|---|---|---|---|
| 001 | stuzp78325 | ||
| 003 | SK-STU | ||
| 005 | 20230510141421.8 | ||
| 007 | ta | ||
| 008 | 150427s2015----xo-----f-mn---000-0-slo-d | ||
| 040 | |a STU |b slo | ||
| 041 | 0 | |a slo | |
| 100 | 1 | |a Bartko, Michal |u 010150 |4 aut |U SvF Stavebná fakulta |T SvF Katedra geotechniky |X 87801 |U V150 |Y 15 |7 87801 | |
| 242 | 0 | 1 | |a Observed climate change and the importance of reservoirs |y eng |
| 245 | 1 | 0 | |a Pozorované klimatické zmeny a význam vodných nádrží |
| 260 | |c 2021 | ||
| 650 | 4 | |a nádrž |2 slo | |
| 650 | 4 | |a priehrada |2 slo | |
| 650 | 4 | |a ochranná funkcia |2 slo | |
| 650 | 4 | |a zásobná funkcia |2 slo | |
| 650 | 4 | |a ochrana životného prostredia |2 slo | |
| 650 | 4 | |a hydrologické extrémy |2 slo | |
| 650 | 4 | |a enviromental protection |2 eng | |
| 650 | 4 | |a hydrological extremes |2 eng | |
| 650 | 4 | |a reservoir |2 eng | |
| 650 | 4 | |a dam |2 eng | |
| 650 | 4 | |a protective function |2 eng | |
| 650 | 4 | |a storage function |2 eng | |
| 700 | 1 | |a Bednárová, Emília |u 010150 |k Z1 |4 ths |U SvF Stavebná fakulta |T SvF Katedra geotechniky |X 1011 |U V150 |Y 15 |7 A000001011 | |
| 856 | 4 | |u http://is.stuba.sk/zp/portal_zp.pl?podrobnosti=159751 | |
| 856 | 4 | |u https://opac.crzp.sk/?fn=detailBiblioForm&sid=C5B0443D08DFEDB239080A49A386 | |